[Event "vl-2324 MVP"]
[Site "MVP"]
[Date "2024.04.14"]
[Round "8.4"]
[White "Schinke, Andreas"]
[Black "Massloch, Philipp"]
[Result "1/2-1/2"]
[WhiteElo "2053"]
[BlackElo "1805"]
[PlyCount "79"]
[EventDate "2023.??.??"]
[EventType "team-tourn"]
[EventRounds "9"]
[EventCountry "GER"]
[WhiteTeam "GW Wismar"]
[BlackTeam "SAV Torgelow II"]
[WhiteTeamCountry "GER"]
[BlackTeamCountry "GER"]

1. e4 c5 2. c3 d5 3. exd5 Qxd5 4. d4 Nc6 5. Nf3 Bg4 6. Be2 cxd4 7. cxd4 e6 8. O-O Nf6 9. Nc3 Qd8 10. Qa4 Nd5 11. Bb5 Nb6 12. Bxc6+ bxc6 13. Qxc6+ Qd7 14. Ne5 Qxc6 15. Nxc6 a6 16. Re1 Bd6 17. d5 O-O 18. h3 Bf5 19. g4 Bg6 20. dxe6 fxe6 21. Rxe6 Bc5 22. Ne7+ Kf7 23. Nxg6 Kxe6 24. Nxf8+ Rxf8 25. Be3 Bxe3 26. Re1 Nc4 27. b3 Rxf2 28. Rxe3+ Nxe3 29. Kxf2 Nc2 30. Ke2 Ke5 31. Kd3 Ne1+ 32. Kc4 Kf4 33. Ne2+ Kf3 34. Ng1+ Kg2 35. Kc5 Kxg1 36. Kb6 Nc2 37. a4 Nd4 38. b4 Nc2 39. b5 axb5 40. Kxb5 1/2-1/2

[Event "vl-2324 MVP"]
[Site "MVP"]
[Date "2024.04.14"]
[Round "8.5"]
[White "Troemer, Felix"]
[Black "Lanz, Joerg"]
[Result "1-0"]
[WhiteElo "1753"]
[BlackElo "2055"]
[PlyCount "67"]
[EventDate "2023.??.??"]
[EventType "team-tourn"]
[EventRounds "9"]
[EventCountry "GER"]
[WhiteTeam "SAV Torgelow II"]
[BlackTeam "GW Wismar"]
[WhiteTeamCountry "GER"]
[BlackTeamCountry "GER"]

1. e4 d6 2. d4 Nf6 3. Nc3 g6 4. f4 Bg7 5. h3 a6 6. a4 Nbd7 7. Nf3 O-O 8. Bd3 c5 9. d5 e6 10. dxe6 fxe6 11. O-O h6 12. e5 dxe5 13. fxe5 Nxe5 14. Nxe5 Qd4+ 15. Kh1 Qxe5 16. Bxg6 Nd7 17. Rxf8+ Nxf8 18. Be4 Rb8 19. Qf3 Qc7 20. Qh5 Qf7 21. Qxc5 Nd7 22. Qe3 b5 23. axb5 axb5 24. Bd2 Bb7 25. Bxb7 Rxb7 26. Ra8+ Nf8 27. Qg3 Kh8 28. Ne4 Qf1+ 29. Kh2 Rf7 30. Nd6 Rf2 31. Bc3 Bxc3 32. Qxc3+ Kg8 33. Qg3+ Kh8 34. Ra7 1-0

[Event "vl-2324 MVP"]
[Site "MVP"]
[Date "2024.04.14"]
[Round "8.7"]
[White "Bollnow, Alex"]
[Black "Junggebauer, Thomas"]
[Result "1/2-1/2"]
[WhiteElo "1657"]
[BlackElo "1971"]
[PlyCount "85"]
[EventDate "2023.??.??"]
[EventType "team-tourn"]
[EventRounds "9"]
[EventCountry "GER"]
[WhiteTeam "SAV Torgelow II"]
[BlackTeam "GW Wismar"]
[WhiteTeamCountry "GER"]
[BlackTeamCountry "GER"]

1. e4 c5 2. Nf3 Nc6 3. d4 cxd4 4. Nxd4 e6 5. Nc3 Nf6 6. Bg5 Be7 7. Nxc6 dxc6 8. Qxd8+ Bxd8 9. e5 h6 10. Bh4 Nd7 11. Bxd8 Kxd8 12. O-O-O Kc7 13. f4 f6 14. Re1 Nb6 15. Ne4 Rf8 16. Nd6 Bd7 17. g3 Rad8 18. Be2 Nc8 19. Nxc8 Bxc8 20. exf6 gxf6 21. Bg4 e5 22. Bxc8 Kxc8 23. fxe5 fxe5 24. Re2 Rde8 25. Rhe1 Rf5 26. Kd2 Kd7 27. Re4 h5 28. Kd3 Ke6 29. h3 Rg8 30. g4 hxg4 31. hxg4 Rfg5 32. c4 R8g7 33. Kc3 Kd6 34. Rd1+ Ke6 35. Rg1 Rf7 36. Rg2 Rf4 37. Rxf4 exf4 38. Kd3 Ke5 39. Re2+ Kf6 40. Rg2 Re5 41. Re2 Rg5 42. Rg2 Re5 43. Re2 1/2-1/2

[Event "vl-2324 MVP"]
[Site "MVP"]
[Date "2024.04.14"]
[Round "8.8"]
[White "Podolskiy, Alexander"]
[Black "Schmekel, Matthias"]
[Result "1/2-1/2"]
[WhiteElo "1970"]
[BlackElo "1938"]
[PlyCount "71"]
[EventDate "2023.??.??"]
[EventType "team-tourn"]
[EventRounds "9"]
[EventCountry "GER"]
[WhiteTeam "GW Wismar"]
[BlackTeam "SAV Torgelow II"]
[WhiteTeamCountry "GER"]
[BlackTeamCountry "GER"]

1. e4 c5 2. Nf3 Nc6 3. d4 cxd4 4. Nxd4 Nf6 5. Nc3 a6 6. f4 d6 7. Be2 Qb6 8. Nb3 e6 9. a3 Be7 10. Qd3 Qd8 11. Be3 b5 12. Bf3 Nd7 13. O-O Bb7 14. Ne2 O-O 15. Rfd1 Qc7 16. Rac1 Rfd8 17. c4 Nc5 18. Nxc5 dxc5 19. Qc2 b4 20. e5 a5 21. a4 Bf8 22. b3 Ne7 23. Bxb7 Qxb7 24. Bxc5 Nf5 25. Bf2 Be7 26. Nd4 Nxd4 27. Bxd4 Rxd4 28. Rxd4 Bc5 29. Rcd1 Rd8 30. Qf2 Rxd4 31. Rxd4 Qe7 32. Kf1 g6 33. Qd2 Bxd4 34. Qxd4 Qh4 35. h3 Qg3 36. Qd8+ 1/2-1/2

[Event "vl-2324 MVP"]
[Site "MVP"]
[Date "2024.04.14"]
[Round "8.1"]
[White "Illgen, Alexander"]
[Black "Westphal, Wolfgang"]
[Result "1/2-1/2"]
[WhiteElo "2009"]
[BlackElo "2172"]
[PlyCount "104"]
[EventDate "2023.??.??"]
[EventType "team-tourn"]
[EventRounds "9"]
[EventCountry "GER"]
[WhiteTeam "VT Ludwigslust"]
[BlackTeam "SSC Graal-Mueritz"]
[WhiteTeamCountry "GER"]
[BlackTeamCountry "GER"]

1. d4 Nf6 2. Nf3 e6 3. Bg5 b6 4. e3 Bb7 5. Be2 Be7 6. O-O h6 7. Bxf6 Bxf6 8. Nbd2 O-O 9. c3 d6 10. Qc2 Nd7 11. Bd3 Rc8 12. a4 a5 13. b4 c5 14. Qb2 cxb4 15. cxb4 e5 16. bxa5 Bxf3 17. Nxf3 bxa5 18. Rfd1 Qe7 19. Bf5 exd4 20. Nxd4 Rc5 21. Bxd7 Qxd7 22. Qb3 Rfc8 23. Rab1 Qg4 24. h3 Qg6 25. Nf3 Rc4 26. Qb7 Qe4 27. Qa6 Ra8 28. Qxd6 Rxa4 29. Rb8+ Rxb8 30. Qxb8+ Kh7 31. Qa7 Qe6 32. Rd7 Ra1+ 33. Kh2 Kg6 34. Qc7 h5 35. Rd6 Qe4 36. Qc5 h4 37. Rb6 Rd1 38. Qg5+ Kh7 39. Qh5+ Kg8 40. Qxa5 Rd5 41. Qa8+ Kh7 42. Qb8 Rf5 43. Rb5 Qc2 44. Rxf5 Qxf5 45. Qf4 Qxf4+ 46. exf4 Kg6 47. g4 hxg3+ 48. fxg3 Kf5 49. Kg2 Bb2 50. Kf2 f6 51. Ke3 Bc1+ 52. Kd3 Bxf4 1/2-1/2

[Event "vl-2324 MVP"]
[Site "MVP"]
[Date "2024.04.14"]
[Round "8.2"]
[White "Roehl, Rainer"]
[Black "Montag, Ralf"]
[Result "0-1"]
[WhiteElo "1990"]
[BlackElo "2050"]
[PlyCount "44"]
[EventDate "2023.??.??"]
[EventType "team-tourn"]
[EventRounds "9"]
[EventCountry "GER"]
[WhiteTeam "SSC Graal-Mueritz"]
[BlackTeam "VT Ludwigslust"]
[WhiteTeamCountry "GER"]
[BlackTeamCountry "GER"]

1. Nf3 g6 2. c4 Nf6 3. b3 Bg7 4. Bb2 O-O 5. e3 c5 6. Be2 Nc6 7. O-O d5 8. cxd5 Qxd5 9. Nc3 Qd7 10. Rc1 b6 11. Qc2 Rd8 12. Rfd1 Nb4 13. Qb1 Nd3 14. Bxd3 Qxd3 15. Qxd3 Rxd3 16. Ne5 Rd8 17. d4 cxd4 18. Nb5 Bb7 19. Bxd4 Nd5 20. Nf3 Ba6 21. Nc7 Nxc7 22. Rxc7 e5 0-1

[Event "vl-2324 MVP"]
[Site "MVP"]
[Date "2024.04.14"]
[Round "8.3"]
[White "Hasselmann, Dieter"]
[Black "Jansen, Andreas"]
[Result "0-1"]
[WhiteElo "2116"]
[BlackElo "2098"]
[PlyCount "91"]
[EventDate "2023.??.??"]
[EventType "team-tourn"]
[EventRounds "9"]
[EventCountry "GER"]
[WhiteTeam "VT Ludwigslust"]
[BlackTeam "SSC Graal-Mueritz"]
[WhiteTeamCountry "GER"]
[BlackTeamCountry "GER"]

1. e4 g6 2. d4 d6 3. Nc3 Bg7 4. Bg5 c6 5. Qd2 Qc7 6. O-O-O Nd7 7. Kb1 a6 8. Be3 a5 9. f4 Ngf6 10. h3 a4 11. e5 Nd5 12. Nxd5 cxd5 13. g4 Nb6 14. b3 h5 15. gxh5 Rxh5 16. Nf3 Bf5 17. Bd3 Be4 18. Bxe4 dxe4 19. Ng5 d5 20. Qe2 Qc6 21. Qg4 Rc8 22. Rh2 Bh6 23. e6 f5 24. Qe2 Bxg5 25. fxg5 Qxe6 26. Rf1 Qd7 27. Bf4 e6 28. Qd2 Qb5 29. Rc1 Nc4 30. Qd1 Qb6 31. Ka1 a3 32. c3 Nb2 33. Qd2 Qb5 34. h4 Nd3 35. Rc2 Kd7 36. Bg3 Qb6 37. Rh1 Rch8 38. Rh2 f4 39. Bxf4 Rf8 40. Rf2 Rxh4 41. Rc1 Rhxf4 42. Rxf4 Rxf4 43. Rh1 Rf2 44. Qe3 Qa5 45. b4 Qa4 46. Rc1 0-1

[Event "vl-2324 MVP"]
[Site "MVP"]
[Date "2024.04.14"]
[Round "8.4"]
[White "Krueger, Alexander"]
[Black "Krueger, Horst"]
[Result "1-0"]
[WhiteElo "2072"]
[BlackElo "1972"]
[PlyCount "91"]
[EventDate "2023.??.??"]
[EventType "team-tourn"]
[EventRounds "9"]
[EventCountry "GER"]
[WhiteTeam "SSC Graal-Mueritz"]
[BlackTeam "VT Ludwigslust"]
[WhiteTeamCountry "GER"]
[BlackTeamCountry "GER"]

1. e4 c5 2. Nf3 d6 3. d4 cxd4 4. Nxd4 Nf6 5. Nc3 Nc6 6. Be2 e5 7. Nb3 Be7 8. Be3 a6 9. g4 h6 10. f3 Be6 11. Nd5 Bxd5 12. exd5 Nb4 13. c4 a5 14. Qd2 b6 15. a3 Na6 16. O-O-O a4 17. Na1 Nc5 18. h4 Qc7 19. g5 hxg5 20. hxg5 Nh5 21. Kb1 O-O-O 22. Rdg1 g6 23. Bd1 Qd7 24. Qb4 Kb7 25. Bxc5 dxc5 26. Qxa4 Qxa4 27. Bxa4 Nf4 28. Bc6+ Kc7 29. Nb3 Nh3 30. Re1 Bd6 31. Nd2 Nxg5 32. Kc2 f5 33. a4 Nh3 34. Ra1 Nf4 35. Rhg1 Rh2 36. a5 Ne2 37. Rxg6 Nd4+ 38. Kc3 Nxc6 39. dxc6 Kxc6 40. a6 Rh3 41. Rf6 Rh5 42. Rg1 e4 43. fxe4 Rh3+ 44. Kc2 fxe4 45. Nxe4 Rh2+ 46. Kb1 1-0

[Event "vl-2324 MVP"]
[Site "MVP"]
[Date "2024.04.14"]
[Round "8.6"]
[White "Simcaks, Sergejs"]
[Black "Wiemer, Juergen"]
[Result "1-0"]
[WhiteElo "1925"]
[BlackElo "1978"]
[PlyCount "52"]
[EventDate "2023.??.??"]
[EventType "team-tourn"]
[EventRounds "9"]
[EventCountry "GER"]
[WhiteTeam "SSC Graal-Mueritz"]
[BlackTeam "VT Ludwigslust"]
[WhiteTeamCountry "GER"]
[BlackTeamCountry "GER"]

1. e4 e5 2. Nf3 Nc6 3. Bc4 Be7 4. d4 exd4 5. Nxd4 Bf6 6. Nxc6 bxc6 7. O-O g6 8. e5 Bg7 9. Qf3 Qe7 10. Bg5 Qf8 11. Re1 Ne7 12. Nc3 h6 13. Bf6 Bb7 14. Nb5 O-O-O 15. Nxa7+ Kb8 16. Qb3 Kxa7 17. Qa3+ Kb8 18. Bxe7 Qe8 19. Bxd8 Qxd8 20. Re3 d5 21. Ba6 Kc8 22. Bxb7+ Kxb7 23. Qc5 Qe8 24. Ra3 Bf8 25. Ra7+ Kb8 26. Qa5 Kc8 1-0

[Event "vl-2324 MVP"]
[Site "MVP"]
[Date "2024.04.14"]
[Round "8.7"]
[White "Meier, Klaus"]
[Black "Jeske, Holger"]
[Result "0-1"]
[WhiteElo "2013"]
[BlackElo "1898"]
[PlyCount "86"]
[EventDate "2023.??.??"]
[EventType "team-tourn"]
[EventRounds "9"]
[EventCountry "GER"]
[WhiteTeam "VT Ludwigslust"]
[BlackTeam "SSC Graal-Mueritz"]
[WhiteTeamCountry "GER"]
[BlackTeamCountry "GER"]

1. d4 g6 2. c4 b5 3. cxb5 a6 4. bxa6 Bxa6 5. Bd2 Bg7 6. Bc3 d5 7. Nf3 Nh6 8. Nbd2 f5 9. g3 Nf7 10. Bg2 O-O 11. O-O Nd7 12. Re1 c6 13. Qc2 Re8 14. a3 Rc8 15. b4 Nd6 16. Nb3 Ne4 17. Bb2 Bc4 18. Nfd2 Nb6 19. Nc5 e6 20. f3 Nd6 21. e3 h5 22. a4 h4 23. a5 Na8 24. e4 hxg3 25. hxg3 Qg5 26. e5 Nb5 27. Nxc4 dxc4 28. Qxc4 Nac7 29. Kf2 f4 30. Ne4 fxg3+ 31. Kf1 Qe7 32. Rab1 Nd5 33. Bc1 Qa7 34. Nc5 Qf7 35. Rb2 Qf5 36. Re4 Rf8 37. Kg1 Nbc3 38. Rg4 Nd1 39. Rb3 Qh5 40. Rg5 Qh2+ 41. Kf1 Nf2 42. Rxg6 Nh3 43. Bxh3 Qf2# 0-1

[Event "vl-2324 MVP"]
[Site "MVP"]
[Date "2024.04.14"]
[Round "8.8"]
[White "Hausmann, Ulrich"]
[Black "Altenburg, Reiner"]
[Result "1/2-1/2"]
[WhiteElo "1820"]
[BlackElo "1940"]
[PlyCount "48"]
[EventDate "2023.??.??"]
[EventType "team-tourn"]
[EventRounds "9"]
[EventCountry "GER"]
[WhiteTeam "SSC Graal-Mueritz"]
[BlackTeam "VT Ludwigslust"]
[WhiteTeamCountry "GER"]
[BlackTeamCountry "GER"]

1. f4 d5 2. Nf3 c5 3. e3 Nc6 4. c3 Nf6 5. d4 e6 6. Bd3 Be7 7. O-O O-O 8. Nbd2 a6 9. Ne5 Nd7 10. Qh5 h6 11. Qe2 Ndxe5 12. fxe5 c4 13. Bc2 f5 14. exf6 Bxf6 15. e4 Bxd4+ 16. cxd4 Nxd4 17. Qd1 Nxc2 18. Qxc2 Qb6+ 19. Kh1 Bd7 20. Nf3 d4 21. Qf2 e5 22. Bd2 Qd6 23. a3 a5 24. Qg3 Rae8 1/2-1/2

[Event "vl-2324 MVP"]
[Site "MVP"]
[Date "2024.04.14"]
[Round "8.1"]
[White "Stubbe, Wilko"]
[Black "Petrow, Jonas"]
[Result "1-0"]
[WhiteElo "2181"]
[BlackElo "1811"]
[PlyCount "79"]
[EventDate "2023.??.??"]
[EventType "team-tourn"]
[EventRounds "9"]
[EventCountry "GER"]
[WhiteTeam "Greifswalder SV"]
[BlackTeam "Makkabi Rostock"]
[WhiteTeamCountry "GER"]
[BlackTeamCountry "GER"]

1. Nf3 d5 2. c4 c6 3. g3 Nf6 4. Bg2 dxc4 5. Qc2 Nbd7 6. Qxc4 e5 7. d3 Bd6 8. O-O O-O 9. a3 a5 10. Nbd2 a4 11. Qc2 Qe7 12. Nc4 Bc7 13. e4 b5 14. Ne3 Nc5 15. Bd2 Nb3 16. Rad1 c5 17. Bc3 Rb8 18. h3 Rd8 19. g4 h6 20. Qe2 b4 21. Be1 Ba6 22. Nf5 Qd7 23. Qe3 Bxd3 24. N3h4 Nd4 25. Rxd3 Ne2+ 26. Qxe2 Qxd3 27. Qxd3 Rxd3 28. axb4 cxb4 29. Ne7+ Kh7 30. Nc6 Rb6 31. Nxb4 Rb3 32. Nd5 Nxd5 33. exd5 Rxb2 34. Ba5 a3 35. Bxb6 Bxb6 36. d6 a2 37. d7 Rxf2 38. Be4+ Rf5+ 39. Kg2 g6 40. Bxf5 1-0

[Event "vl-2324 MVP"]
[Site "MVP"]
[Date "2024.04.14"]
[Round "8.2"]
[White "Tovmasyan, Minas"]
[Black "Stopsack, Malte"]
[Result "0-1"]
[WhiteElo "1779"]
[BlackElo "2163"]
[PlyCount "64"]
[EventDate "2023.??.??"]
[EventType "team-tourn"]
[EventRounds "9"]
[EventCountry "GER"]
[WhiteTeam "Makkabi Rostock"]
[BlackTeam "Greifswalder SV"]
[WhiteTeamCountry "GER"]
[BlackTeamCountry "GER"]

1. d4 g6 2. c4 Bg7 3. Nc3 Nf6 4. e4 d6 5. Be2 O-O 6. h4 c5 7. d5 b5 8. cxb5 a6 9. Nf3 axb5 10. Nd2 b4 11. Ncb1 e6 12. dxe6 Bxe6 13. Bc4 Bxc4 14. Nxc4 Nxe4 15. Qd5 Ra6 16. Be3 Re8 17. O-O Qxh4 18. Re1 Nf6 19. Qd3 d5 20. Ncd2 Rae6 21. Nf3 Qh5 22. Nbd2 d4 23. Bf4 Nc6 24. Rxe6 Rxe6 25. Rc1 Qd5 26. Qb5 Bf8 27. Ng5 Re8 28. f3 d3 29. Nge4 Nxe4 30. Nxe4 Rxe4 31. fxe4 Qxe4 32. Qc4 Nd4 0-1

[Event "vl-2324 MVP"]
[Site "MVP"]
[Date "2024.04.14"]
[Round "8.3"]
[White "Kalhorn, Stefan"]
[Black "Markovych, Illya"]
[Result "1/2-1/2"]
[WhiteElo "2090"]
[BlackElo "2028"]
[PlyCount "97"]
[EventDate "2023.??.??"]
[EventType "team-tourn"]
[EventRounds "9"]
[EventCountry "GER"]
[WhiteTeam "Greifswalder SV"]
[BlackTeam "Makkabi Rostock"]
[WhiteTeamCountry "GER"]
[BlackTeamCountry "GER"]

1. d4 Nf6 2. Nf3 c5 3. d5 e6 4. c4 b5 5. Bg5 Qa5+ 6. Qd2 b4 7. Bxf6 gxf6 8. e4 d6 9. Be2 Na6 10. O-O Bd7 11. Na3 Qb6 12. Nc2 O-O-O 13. a3 b3 14. Ne3 h5 15. Qc3 Bg7 16. Nd2 Rdg8 17. Qxb3 Qxb3 18. Nxb3 f5 19. exf5 Bxb2 20. Ra2 Bf6 21. fxe6 fxe6 22. Nd2 Rh6 23. Ne4 Be5 24. Rd2 exd5 25. Nxd5 Rg7 26. Ne3 Nc7 27. Rfd1 Ne8 28. Ng3 Rgh7 29. Bd3 Rf7 30. Bf5 Bxf5 31. Ngxf5 Rg6 32. Nd5 Rg5 33. Nfe3 Rg6 34. Rb1 Bd4 35. Rd3 Nc7 36. Nxc7 Kxc7 37. Nd5+ Kc8 38. Rdb3 Bxf2+ 39. Kh1 Rgg7 40. g3 Bd4 41. Rb8+ Kd7 42. R8b7+ Kc8 43. Rb8+ Kd7 44. R1b7+ Ke6 45. Nf4+ Rxf4 46. Re8+ Kf6 47. Rf8+ Ke6 48. Re8+ Kf6 49. Rf8+ 1/2-1/2

[Event "vl-2324 MVP"]
[Site "MVP"]
[Date "2024.04.14"]
[Round "8.4"]
[White "Schulz, Bruno Andreas"]
[Black "Hertel, Johannes"]
[Result "1/2-1/2"]
[WhiteElo "1737"]
[BlackElo "2039"]
[PlyCount "40"]
[EventDate "2023.??.??"]
[EventType "team-tourn"]
[EventRounds "9"]
[EventCountry "GER"]
[WhiteTeam "Makkabi Rostock"]
[BlackTeam "Greifswalder SV"]
[WhiteTeamCountry "GER"]
[BlackTeamCountry "GER"]

1. d4 Nf6 2. c4 e6 3. Nf3 d5 4. Nc3 dxc4 5. e3 a6 6. Bxc4 b5 7. Bd3 Bb7 8. a3 c5 9. e4 b4 10. axb4 cxb4 11. e5 bxc3 12. exf6 cxb2 13. fxg7 bxa1=Q 14. gxh8=Q Qc3+ 15. Bd2 Qxd3 16. Qxf8+ Kxf8 17. Bh6+ Ke8 18. Qxd3 Qa5+ 19. Nd2 Qa1+ 20. Nb1 Qa5+ 1/2-1/2

[Event "vl-2324 MVP"]
[Site "MVP"]
[Date "2024.04.14"]
[Round "8.5"]
[White "Lange, Jannis"]
[Black "Roeste, Hugo"]
[Result "1-0"]
[WhiteElo "2085"]
[BlackElo "1624"]
[PlyCount "101"]
[EventDate "2023.??.??"]
[EventType "team-tourn"]
[EventRounds "9"]
[EventCountry "GER"]
[WhiteTeam "Greifswalder SV"]
[BlackTeam "Makkabi Rostock"]
[WhiteTeamCountry "GER"]
[BlackTeamCountry "GER"]

1. e4 c5 2. Nc3 e6 3. d3 a6 4. Bf4 Nc6 5. Nf3 d6 6. Be2 Nf6 7. O-O Be7 8. Qd2 O-O 9. Rfe1 b5 10. Bf1 Bb7 11. Nd1 Nh5 12. Bg5 Bxg5 13. Nxg5 h6 14. Nf3 Nf6 15. c3 Rc8 16. a4 b4 17. d4 bxc3 18. Nxc3 cxd4 19. Nxd4 Nxd4 20. Qxd4 Qd7 21. Red1 Rfd8 22. Rd2 Qc7 23. Rad1 Ne8 24. Qe3 Qc5 25. Qxc5 Rxc5 26. Rd4 a5 27. Bb5 Bc6 28. f3 Rb8 29. Bxc6 Rxc6 30. Nb5 Rc2 31. R1d2 Rxd2 32. Rxd2 Rb6 33. Rc2 Kf8 34. Kf2 Ke7 35. Rc8 Kd7 36. Ra8 Rc6 37. Nc3 Rb6 38. Nb5 Rc6 39. Nc3 Rb6 40. Ra7+ Nc7 41. Nb5 Rc6 42. Ke3 Kd8 43. Rxa5 Rc2 44. b4 Nxb5 45. Rxb5 Kc7 46. a5 Rxg2 47. a6 Ra2 48. Rb7+ Kc8 49. b5 Ra5 50. Rxf7 Rxb5 51. Rf8+ 1-0

[Event "vl-2324 MVP"]
[Site "MVP"]
[Date "2024.04.14"]
[Round "8.6"]
[White "Reznik, Leonid"]
[Black "Patzenhauer, Max"]
[Result "1/2-1/2"]
[WhiteElo "1994"]
[BlackElo "1949"]
[PlyCount "127"]
[EventDate "2023.??.??"]
[EventType "team-tourn"]
[EventRounds "9"]
[EventCountry "GER"]
[WhiteTeam "Makkabi Rostock"]
[BlackTeam "Greifswalder SV"]
[WhiteTeamCountry "GER"]
[BlackTeamCountry "GER"]

1. e4 e6 2. Qe2 b6 3. g3 Bb7 4. Bg2 g6 5. f4 Bg7 6. Nf3 Ne7 7. Nc3 d6 8. d3 c5 9. O-O a6 10. Nh4 Nd7 11. f5 O-O 12. Bg5 Bd4+ 13. Kh1 Bf6 14. Bxf6 Nxf6 15. fxe6 fxe6 16. Nf3 e5 17. Qe3 Nc6 18. Bh3 Kg7 19. Ng5 Nd4 20. Ne6+ Nxe6 21. Bxe6 Qe7 22. Bh3 b5 23. Bg2 Qe6 24. h3 Rf7 25. b3 b4 26. Ne2 a5 27. Ng1 Raf8 28. Nf3 h6 29. Nd2 Bc6 30. Nc4 a4 31. Na5 Ba8 32. Nc4 Bc6 33. Na5 Bd7 34. Nc4 Bb5 35. Qd2 Ra7 36. Nb6 Bc6 37. Nd5 axb3 38. cxb3 Raf7 39. Rxf6 Rxf6 40. Nxf6 Rxf6 41. Rf1 Rxf1+ 42. Bxf1 Qf7 43. Kg2 Bd7 44. Be2 Be6 45. Qd1 Qd7 46. h4 Bh3+ 47. Kh2 Be6 48. Kg2 Qa7 49. Qc2 Qf7 50. Qd1 Qa7 51. Qc2 Bc8 52. Bf3 Qd7 53. Kf1 Qh3+ 54. Qg2 Kf6 55. Qxh3 Bxh3+ 56. Kf2 Be6 57. Ke3 Bd7 58. Bd1 Ke7 59. Bf3 Be6 60. Bd1 Kd7 61. Bf3 Kc6 62. Be2 d5 63. exd5+ Bxd5 64. Bg4 1/2-1/2

[Event "vl-2324 MVP"]
[Site "MVP"]
[Date "2024.04.14"]
[Round "8.8"]
[White "Gavrylyuk, Oleksandr"]
[Black "Woll, Wilfried"]
[Result "0-1"]
[WhiteElo "1390"]
[BlackElo "1996"]
[PlyCount "74"]
[EventDate "2023.??.??"]
[EventType "team-tourn"]
[EventRounds "9"]
[EventCountry "GER"]
[WhiteTeam "Makkabi Rostock"]
[BlackTeam "Greifswalder SV"]
[WhiteTeamCountry "GER"]
[BlackTeamCountry "GER"]

1. e4 e6 2. d4 d5 3. Nc3 Bb4 4. e5 c5 5. Nf3 Bd7 6. a3 Bxc3+ 7. bxc3 Qa5 8. Bd2 Ba4 9. c4 Qc7 10. Be3 cxd4 11. Qxd4 dxc4 12. Qxc4 Qxc4 13. Bxc4 Nc6 14. Bb3 Bb5 15. O-O-O Nge7 16. Rd2 Rc8 17. Rhd1 Nf5 18. Bg5 h6 19. Bh4 Nxh4 20. Nxh4 Nxe5 21. f4 Nd7 22. f5 Nc5 23. Kb2 e5 24. Re1 e4 25. f6 g6 26. Re3 Rd8 27. Rxd8+ Kxd8 28. Bxf7 Rf8 29. Bxg6 Rxf6 30. g3 Bd7 31. Bh5 Kc7 32. Ng2 Kd6 33. h4 Ke5 34. c3 Rb6+ 35. Kc2 Ba4+ 36. Kd2 Rb2+ 37. Ke1 Rxg2 0-1

[Event "vl-2324 MVP"]
[Site "MVP"]
[Date "2024.04.14"]
[Round "8.1"]
[White "Kallweit, Paul"]
[Black "Simantsev, Mikhail"]
[Result "0-1"]
[WhiteElo "1948"]
[BlackElo "2371"]
[PlyCount "92"]
[EventDate "2023.??.??"]
[EventType "team-tourn"]
[EventRounds "9"]
[EventCountry "GER"]
[WhiteTeam "SSC Rostock"]
[BlackTeam "SF Schwerin II"]
[WhiteTeamCountry "GER"]
[BlackTeamCountry "GER"]

1. c4 Nf6 2. g3 e5 3. Bg2 Bc5 4. Nc3 c6 5. e3 Bb6 6. d4 exd4 7. exd4 d5 8. cxd5 Nxd5 9. Nxd5 cxd5 10. Ne2 Nc6 11. O-O O-O 12. Be3 Bg4 13. h3 Bf5 14. Nc3 Nb4 15. Qf3 Be6 16. a3 Nc2 17. Rad1 Nxe3 18. fxe3 Qe7 19. Kh2 Rad8 20. e4 dxe4 21. Qxe4 f5 22. Qxb7 Rd7 23. Qc6 Rd6 24. Qa4 g5 25. d5 Bd7 26. Qb4 Rc8 27. Rde1 Qf8 28. Ne4 Rg6 29. Qxf8+ Kxf8 30. Nc3 Bd4 31. Rc1 Be5 32. Bf3 Rb6 33. Rf2 Kg7 34. Kg2 a5 35. Rd2 Rcb8 36. Rcc2 h5 37. Re2 Bd6 38. Rf2 g4 39. Bd1 Re8 40. hxg4 hxg4 41. Rce2 Rc8 42. Rd2 Bc5 43. Rfe2 Rh6 44. Re1 Rch8 45. Kf1 Rh1+ 46. Ke2 Re8+ 0-1

[Event "vl-2324 MVP"]
[Site "MVP"]
[Date "2024.04.14"]
[Round "8.2"]
[White "Hornych, Christoph"]
[Black "Mangold, Thomas"]
[Result "1/2-1/2"]
[WhiteElo "2172"]
[BlackElo "2020"]
[PlyCount "72"]
[EventDate "2023.??.??"]
[EventType "team-tourn"]
[EventRounds "9"]
[EventCountry "GER"]
[WhiteTeam "SF Schwerin II"]
[BlackTeam "SSC Rostock"]
[WhiteTeamCountry "GER"]
[BlackTeamCountry "GER"]

1. e4 e5 2. Bc4 Nf6 3. d3 c6 4. Nf3 d5 5. exd5 cxd5 6. Bb3 Bb4+ 7. c3 Bd6 8. Bg5 Be6 9. O-O O-O 10. Re1 h6 11. Bh4 Nbd7 12. c4 d4 13. Ba4 Qc7 14. Nbd2 Bg4 15. h3 Bf5 16. Bxd7 Nxd7 17. Ne4 Rfe8 18. Bg3 Bb4 19. Nxd4 Bxe4 20. Rxe4 g6 21. Nb5 Qc6 22. a3 Bf8 23. Re2 f5 24. f3 Bc5+ 25. Bf2 Bxf2+ 26. Rxf2 Rad8 27. Qc2 Nc5 28. Rd1 a6 29. Nc3 Ne6 30. Qa4 Rd4 31. Qxc6 bxc6 32. Rfd2 Kf7 33. Na4 a5 34. Kf2 Rb8 35. g3 Rb3 36. h4 h5 1/2-1/2

[Event "vl-2324 MVP"]
[Site "MVP"]
[Date "2024.04.14"]
[Round "8.3"]
[White "Schmidt, Peter"]
[Black "Wandel, Bernd"]
[Result "0-1"]
[WhiteElo "2029"]
[BlackElo "2054"]
[PlyCount "70"]
[EventDate "2023.??.??"]
[EventType "team-tourn"]
[EventRounds "9"]
[EventCountry "GER"]
[WhiteTeam "SSC Rostock"]
[BlackTeam "SF Schwerin II"]
[WhiteTeamCountry "GER"]
[BlackTeamCountry "GER"]

1. Nf3 Nf6 2. b3 d5 3. e3 Bf5 4. Bb2 e6 5. d3 Bb4+ 6. Nbd2 Nbd7 7. a3 Bd6 8. Qe2 Bg6 9. e4 dxe4 10. dxe4 e5 11. g3 O-O 12. Bg2 Re8 13. O-O a5 14. Nh4 Bh5 15. Bf3 Bxf3 16. Qxf3 g6 17. Rad1 b5 18. Qe2 Rb8 19. Ng2 Qe7 20. Nb1 Nc5 21. f3 Ne6 22. Kh1 c6 23. f4 Nc5 24. Qd2 Ncxe4 25. Qxa5 exf4 26. Nxf4 Be5 27. Bc1 Qb7 28. Ng2 Ng4 29. Qe1 c5 30. Qe2 Nxh2 31. Kxh2 Nxg3 32. Qf2 Ne4+ 33. Qf4 Bxf4+ 34. Bxf4 Rbd8 35. Rde1 g5 0-1

[Event "vl-2324 MVP"]
[Site "MVP"]
[Date "2024.04.14"]
[Round "8.4"]
[White "Kutschke, Peter"]
[Black "Nour, Alaa"]
[Result "0-1"]
[WhiteElo "1993"]
[BlackElo "1815"]
[PlyCount "86"]
[EventDate "2023.??.??"]
[EventType "team-tourn"]
[EventRounds "9"]
[EventCountry "GER"]
[WhiteTeam "SF Schwerin II"]
[BlackTeam "SSC Rostock"]
[WhiteTeamCountry "GER"]
[BlackTeamCountry "GER"]

1. e4 e5 2. c4 Nf6 3. Nc3 c6 4. d4 exd4 5. Qxd4 d6 6. Bf4 Nh5 7. Be3 Be7 8. Nf3 O-O 9. Be2 Nd7 10. O-O Nc5 11. h3 Qc7 12. Nh2 Ne6 13. Qd2 Nf6 14. f4 b6 15. f5 Nc5 16. Bf3 Ncd7 17. g4 Ne5 18. Be2 Nfd7 19. Nf3 Ba6 20. b3 Rad8 21. Rad1 Nxf3+ 22. Bxf3 Ne5 23. Bg2 f6 24. Rf2 Bc8 25. Ne2 Rfe8 26. Nf4 Bf8 27. Qc2 Qe7 28. Qe2 Nf7 29. h4 Ne5 30. h5 Nf7 31. Nh3 d5 32. cxd5 cxd5 33. Bf4 Bb7 34. Rc1 Rd7 35. Qb5 dxe4 36. Re2 Red8 37. Rce1 Qa3 38. g5 Ba6 39. Qc6 Bxe2 40. Rxe2 Qc5+ 41. Qxc5 bxc5 42. Kh2 e3 43. g6 Nh6 0-1